书目信息 |
| 题名: |
博士研究生入学英语考试指导丛书 写议分册
|
|
| 作者: | 马磊 主编 | |
| 分册: | ||
| 出版信息: | 北京 中国人民大学出版社 1998.10 |
|
| 页数: | ||
| 开本: | ||
| 丛书名: | ||
| 单 册: | ||
| 中图分类: | H315 | |
| 科图分类: | ||
| 主题词: | 英语 | |
| 电子资源: | ||
| ISBN: | 7-300-02943-4 | |
| 000 | 00580nam0 2200181 450 | |
| 001 | 0659813505 | |
| 005 | 20061213163836.76 | |
| 010 | @a7-300-02943-4@dCNY16.00 | |
| 100 | @a20061213d1998 km y0chiy0120 ea | |
| 101 | 0 | @achi |
| 102 | @aCN@b110000 | |
| 200 | 1 | @a博士研究生入学英语考试指导丛书 写议分册@Abo shi yan jiu sheng ru xue ying yu kao shi zhi dao cong shu xie yi fen ce@f马磊 主编@Fma lei zhu bian |
| 210 | @a北京@c中国人民大学出版社@d1998.10 | |
| 606 | 0 | @a英语 |
| 690 | @aH315@v3 | |
| 701 | 0 | @a马磊@Ama lei@4主编 |
| 801 | 0 | @aCN@bNISOFT@c20061213 |
| 905 | @a10447@dH315@eM094 | |
| 博士研究生入学英语考试指导丛书 写议分册/马磊 主编.-北京:中国人民大学出版社,1998.10 |
| ISBN 7-300-02943-4:CNY16.00 |
| ● |
| 相关链接 |
|
|
|
正题名:博士研究生入学英语考试指导丛书 写议分册
索取号:H315/M094
 
预约/预借
| 序号 | 登录号 | 条形码 | 馆藏地/架位号 | 状态 | 备注 |
| 1 | 443885 | 204438858 | 管理学院资料室/ [索取号:H315/M094] | 在馆 |